Proceedings of the International Conference and Exhibition on Education Superhighway 1999 (ICE on ESH `99) held in Penang, 30 November - 4 December 1999

Bibliographic Details
Corporate Authors: INTERNATIONAL Conference and Exhibition on Education Super Highway 1999 (ICE on ESH `99), Regional Centre for Education in Science and Mathematics (RECSAM)
Other Authors: Ow
Format: Book
Published: Pulau Pinang : SEAMEO RECSAM , 2000
Subjects:

MARC

LEADER 00000cam a2200000 7i4500
001 0000003039
005 20040409.0
020 0 0 |a 9679300080 
090 0 0 |a 371.33   |b INT 2000 
110 1 0 |a INTERNATIONAL Conference and Exhibition on Education Super Highway 1999 (ICE on ESH `99)   |k 1999   |j Penang 
245 1 0 |a Proceedings of the International Conference and Exhibition on Education Superhighway 1999 (ICE on ESH `99) held in Penang, 30 November - 4 December 1999   |c edited by Ow Yong Kean Guan 
260 0 0 |a Pulau Pinang :   |b SEAMEO RECSAM ,   |c 2000 
300 |a 205 p. :   |b ill. ;   |c 30 cm. 
500 0 0 |a Includes bibliographies 
650 0 0 |a Educational technology   |x Congresses 
650 0 0 |a Teaching   |x Aids and devices   |x Congresses 
700 0 1 |a Ow   |h Yong Kean Guan 
710 1 1 |a Regional Centre for Education in Science and Mathematics (RECSAM) 
998 |a JPSM 
999 |a 0000003157   |b Monograph   |c Open Shelf   |e Default branch